000 00937cam a22002773a 4500
001 1903
003 PGUSA
005 20140828083007.0
008 990901s1999||||xxu|||||s|||||000 | eng d
040 _aPGUSA
_beng
042 _adc
050 4 _aHG
100 1 _aCotton, William, F.S.A., of Exeter
245 1 0 _aEverybody's Guide to Money Matters :
_bWith a description of the various investments chiefly dealt in on the stock exchange, and the mode of dealing therein
_h[electronic resource] /
_cWilliam, F.S.A., of Exeter Cotton
260 _bProject Gutenberg,
_c1999
500 _a1898
506 _aPublic domain in the USA.
516 _aElectronic text
653 _aBanks and banking -- Great Britain
653 _aInvestments -- Great Britain
653 _aMoney
653 _aStock exchanges -- Great Britain
830 0 _aProject Gutenberg
_v1903
856 4 0 _uhttp://www.gutenberg.org/ebooks/1903
942 _cEB
999 _c231246
_d231246